000 00777cam a22002293a 4500
001 19715
003 PGUSA
005 20140828083422.0
008 061105s2006||||xxu|||||s|||||000 | eng d
040 _aPGUSA
_beng
042 _adc
050 4 _aNA
100 1 _aQuennell, C. H. B.
_q(Charles Henry Bourne),
_d1872-1935
245 1 0 _aBell's Cathedrals :
_bThe Cathedral Church of Norwich : A Description of Its Fabric and A Brief History of the Episcopal See
_h[electronic resource] /
_cC. H. B. Quennell
260 _bProject Gutenberg,
_c2006
506 _aPublic domain in the USA.
516 _aElectronic text
653 _aNorwich Cathedral (Norwich, England)
830 0 _aProject Gutenberg
_v19715
856 4 0 _uhttp://www.gutenberg.org/ebooks/19715
942 _cEB
999 _c248970
_d248970